000 00851nam a2200253Ia 4500
003 OSt
005 20220925164828.0
006 a|||||r|||| 00| 0
007 ta
008 220923b |||||||| |||| 00| 0 eng d
020 _a0754619028
_c4998.9399999999996
037 _b170, 04/12/2006, EXCEL BOOK INTERNATIONAL
_cGeneral Book
040 _aRTL
_cRTL
_beng
041 _2eng
_aeng
082 _aX31:95.3.P, P3
100 _aGall Gregor
_920682
245 0 _aMeaning of militancy?
_b Postal workers and industrial relations.
260 _aAldershot
_bAshgate Publishing
_c2003
300 _axvi, 348p.
_ccm.
500 _aBibliography: P329-336; Appendix: P315-328
650 _aGeography
942 _hX31:95.3.P, P3
_cGB
_2CC
999 _c475870
_d475870